[Event "Buenos Aires Duchamp op 1st"]
[Site "Buenos Aires"]
[Date "2011.09.18"]
[Round "6"]
[White "Pichot, Alan"]
[Black "Torres, Alejo Santiago Jose"]
[Result "1-0"]
[WhiteElo "2221"]
[BlackElo "1882"]
[PlyCount "70"]
[EventDate "2011.09.12"]
[EventType "swiss"]
[EventRounds "9"]
[EventCountry "ARG"]
[SourceTitle "EXT 2014"]
[Source "ChessBase"]
[SourceDate "2013.11.20"]
[SourceVersion "1"]
[SourceVersionDate "2013.11.20"]
[SourceQuality "1"]

1. e4 e5 2. Nf3 Nc6 3. Bb5 a6 4. Ba4 Nf6 5. 0-0 Nxe4 6. d4 b5 7. Bb3 d5 8. dxe5 Be6 9. Nbd2 Bc5 10. c3 0-0 11. Qe2 Nxf2 12. Rxf2 Bxf2+ 13. Qxf2 f6 14. Qc5 Nxe5 15. Nd4 Bf7 16. Nf5 Re8 17. Bc2 Bg6 18. Nb3 Ng4 19. Bf4 Kh8 20. Nbd4 Ne5 21. Rf1 Qd7 22. h3 h5 23. b3 Bh7 24. Bg3 g6 25. Nh4 Kg7 26. Nhf3 Qd6 27. b4 Bg8 28. a4 Qb6 29. axb5 Qxc5 30. bxc5 axb5 31. Nxb5 Ra5 32. Nfd4 Re7 33. Bh4 g5 34. Bg3 Rd7 35. Bxe5 Re7 1-0

[Event "Buenos Aires Duchamp op 1st"]
[Site "Buenos Aires"]
[Date "2011.09.12"]
[Round "1"]
[White "Torres, Alejo Santiago Jose"]
[Black "Contin, Daniel"]
[Result "0-1"]
[WhiteElo "1882"]
[BlackElo "2312"]
[PlyCount "60"]
[EventDate "2011.09.12"]
[EventType "swiss"]
[EventRounds "9"]
[EventCountry "ARG"]
[SourceTitle "EXT 2014"]
[Source "ChessBase"]
[SourceDate "2013.11.20"]
[SourceVersion "1"]
[SourceVersionDate "2013.11.20"]
[SourceQuality "1"]

1. e4 e6 2. d4 d5 3. Nc3 Bb4 4. e5 c5 5. a3 Bxc3+ 6. bxc3 Ne7 7. Nf3 Bd7 8. Bd3 Ba4 9. Rb1 Qc7 10. Ng5 h6 11. Qh5 g6 12. Nxe6 fxe6 13. Bxg6+ Kd7 14. 0-0 Nbc6 15. c4 cxd4 16. cxd5 Nxd5 17. Be4 Nce7 18. Bxd5 Nxd5 19. Qf7+ Ne7 20. Rd1 Rad8 21. Rxd4+ Kc8 22. Qxe6+ Kb8 23. Rxd8+ Rxd8 24. Bxh6 Qxc2 25. Rf1 Rd1 26. Qd6+ Rxd6 27. exd6 Nd5 28. h4 Bc6 29. Bg5 Kc8 30. Re1 Bd7 0-1

[Event "Buenos Aires Bolivar op 4th"]
[Site "Buenos Aires"]
[Date "2011.06.21"]
[Round "7"]
[White "Pichot, Alan"]
[Black "Torres, Alejo Santiago Jose"]
[Result "1-0"]
[WhiteElo "2240"]
[BlackElo "1849"]
[PlyCount "77"]
[EventDate "2011.06.13"]
[EventType "swiss"]
[EventRounds "9"]
[EventCountry "ARG"]
[SourceTitle "EXT 2014"]
[Source "ChessBase"]
[SourceDate "2013.11.20"]
[SourceVersion "1"]
[SourceVersionDate "2013.11.20"]
[SourceQuality "1"]

1. e4 e5 2. Nf3 Nc6 3. Bb5 a6 4. Ba4 Nf6 5. 0-0 Nxe4 6. d4 d5 7. Nxe5 Bd7 8. Bxc6 bxc6 9. Nd2 Bd6 10. Nxe4 Bxe5 11. Bg5 f6 12. dxe5 fxg5 13. Nc5 0-0 14. e6 Be8 15. Qe2 Qe7 16. b4 a5 17. a3 Rf4 18. c3 Bg6 19. Qe3 Raf8 20. bxa5 Rc4 21. Nd7 Ra8 22. Qe5 Re4 23. Qxc7 Rxe6 24. a6 Bd3 25. Qb7 Rxa6 26. Qc8+ Kf7 27. f4 Bxf1 28. Rxf1 Rxa3 29. fxg5+ Kg6 30. Nf8+ Kh5 31. Nxe6 Rxc3 32. Nf4+ Kxg5 33. Nh3+ Kh6 34. Qf5 Qe3+ 35. Nf2 d4 36. h4 c5 37. Kh1 g6 38. Ng4+ Kg7 39. Qf8# 1-0

[Event "Buenos Aires Bolivar op 4th"]
[Site "Buenos Aires"]
[Date "2011.06.17"]
[Round "5"]
[White "Merlo, Carlos"]
[Black "Torres, Alejo Santiago Jose"]
[Result "0-1"]
[WhiteElo "2022"]
[BlackElo "1849"]
[PlyCount "56"]
[EventDate "2011.06.13"]
[EventType "swiss"]
[EventRounds "9"]
[EventCountry "ARG"]
[SourceTitle "EXT 2014"]
[Source "ChessBase"]
[SourceDate "2013.11.20"]
[SourceVersion "1"]
[SourceVersionDate "2013.11.20"]
[SourceQuality "1"]

1. d4 Nf6 2. f3 c5 3. d5 d6 4. e4 Nbd7 5. c4 b5 6. cxb5 a6 7. Nc3 g6 8. Be3 axb5 9. Bxb5 Qb6 10. Nge2 Ba6 11. a4 Bg7 12. 0-0 Bxb5 13. Nxb5 0-0 14. Qc2 Qa5 15. Qd2 Nb6 16. Qxa5 Rxa5 17. b3 Nfd7 18. Rab1 f5 19. Bd2 Rfa8 20. Nc7 R8a7 21. Bxa5 Rxa5 22. Ne6 Bf6 23. Nd8 Ne5 24. f4 Nd3 25. Nc6 Ra8 26. a5 Nd7 27. exf5 gxf5 28. Nb8 Rxb8 0-1

[Event "Relampago R-026 corr"]
[Site "CXV corr"]
[Date "2001.07.18"]
[Round "?"]
[White "Walter, Waldir Jr"]
[Black "Torres, Alejo Santiago Jose"]
[Result "0-1"]
[WhiteElo "1507"]
[BlackElo "1986"]
[PlyCount "52"]
[EventDate "2001.??.??"]
[EventType "tourn (corr)"]
[EventRounds "4"]
[EventCountry "BRA"]
[SourceTitle "Corr 2004"]
[Source "ChessBase"]
[SourceDate "2003.04.28"]
[SourceVersion "3"]
[SourceVersionDate "2003.04.28"]
[SourceQuality "1"]

1. e4 c6 2. d4 d5 3. f3 g6 4. e5 Bg7 5. Bd3 e6 6. Ne2 c5 7. c3 Nc6 8. 0-0 Nge7 9. Nd2 cxd4 10. Nxd4 Nxe5 11. Bb5+ N5c6 12. Rf2 0-0 13. Nxc6 bxc6 14. Bd3 e5 15. Nb3 Qb6 16. Qe1 Bf5 17. Bxf5 Nxf5 18. g4 Nd6 19. Be3 d4 20. cxd4 exd4 21. Bf4 Rfe8 22. Qd1 c5 23. Rc1 Rac8 24. Kg2 c4 25. Nd2 Be5 26. Bxe5 Rxe5 0-1

[Event "Relampago R-026 corr"]
[Site "CXV corr"]
[Date "2001.04.04"]
[Round "?"]
[White "Torres, Alejo Santiago Jose"]
[Black "Schreiber, Eder Jonas"]
[Result "1-0"]
[WhiteElo "2004"]
[BlackElo "1593"]
[PlyCount "23"]
[EventDate "2001.??.??"]
[EventType "tourn (corr)"]
[EventRounds "4"]
[EventCountry "BRA"]
[SourceTitle "Corr 2004"]
[Source "ChessBase"]
[SourceDate "2003.04.28"]
[SourceVersion "3"]
[SourceVersionDate "2003.04.28"]
[SourceQuality "1"]

1. e4 e5 2. Nf3 Nf6 3. Nxe5 Bd6 4. Nc4 Nxe4 5. d3 Nf6 6. Nxd6+ cxd6 7. Qe2+ Qe7 8. Nc3 Qxe2+ 9. Bxe2 h6 10. Nb5 Na6 11. Nxd6+ Ke7 12. Bf4 1-0

[Event "CAPA 5/03 email"]
[Site "Argentina"]
[Date "2001.??.??"]
[Round "2"]
[White "Tallone, Carlos Alberto"]
[Black "Torres, Alejo Santiago Jose"]
[Result "1-0"]
[WhiteElo "2130"]
[BlackElo "2210"]
[PlyCount "89"]
[EventDate "2001.??.??"]
[EventType "tourn (corr)"]
[EventRounds "6"]
[EventCountry "ARG"]
[SourceTitle "Corr 2002"]
[Source "ChessBase"]
[SourceDate "2002.05.23"]
[SourceVersion "1"]
[SourceVersionDate "2002.05.23"]
[SourceQuality "1"]

1. e4 c6 2. d4 d5 3. Nc3 dxe4 4. Nxe4 Nf6 5. Nxf6+ gxf6 6. c3 Qc7 7. Qh5 Qd6 8. Bd3 Qd5 9. Qf3 h5 10. Bf4 Rg8 11. Be4 Qb5 12. Qe2 Qxe2+ 13. Nxe2 Nd7 14. h3 Nb6 15. b3 Bd7 16. 0-0-0 0-0-0 17. Kb2 h4 18. g4 Nd5 19. Bh2 e6 20. Bh7 Rg7 21. Be4 Rg8 22. Bf3 Ne7 23. Nf4 f5 24. Nh5 fxg4 25. hxg4 Ng6 26. Nf6 Rh8 27. Be4 Be8 28. Rd3 Be7 29. Rf3 Rf8 30. a4 a5 31. g5 b6 32. Bxg6 fxg6 33. Be5 Bxf6 34. Rxf6 Rxf6 35. Bxf6 Rd7 36. Rxh4 Kb7 37. Rh8 Bf7 38. c4 Ka6 39. Be5 Kb7 40. Kc3 Ka6 41. b4 Ka7 42. b5 cxb5 43. axb5 Re7 44. c5 bxc5 45. dxc5 1-0

[Event "CAPA 5/03 email"]
[Site "Argentina"]
[Date "2001.??.??"]
[Round "1"]
[White "Torres, Alejo Santiago Jose"]
[Black "Jimenez, Joaquin Rodrigo"]
[Result "1/2-1/2"]
[WhiteElo "2210"]
[BlackElo "2135"]
[PlyCount "46"]
[EventDate "2001.??.??"]
[EventType "tourn (corr)"]
[EventRounds "6"]
[EventCountry "ARG"]
[SourceTitle "Corr 2002"]
[Source "ChessBase"]
[SourceDate "2002.05.23"]
[SourceVersion "1"]
[SourceVersionDate "2002.05.23"]
[SourceQuality "1"]

1. e4 e5 2. Nf3 Nc6 3. Bc4 Nf6 4. Ng5 d5 5. exd5 Na5 6. d3 h6 7. Nf3 e4 8. Qe2 Nxc4 9. dxc4 Bc5 10. c3 0-0 11. Nd4 Bg4 12. Qc2 Bxd4 13. cxd4 b5 14. h3 Bf5 15. b3 bxc4 16. bxc4 c6 17. Ba3 Re8 18. d6 Bg6 19. 0-0 e3 20. Qe2 Ne4 21. Qxe3 Nxd6 22. Qc3 Ne4 23. Qe3 Nd6 1/2-1/2

[Event "CXV R - 017 email"]
[Site "Brazil CXV"]
[Date "2000.12.18"]
[Round "?"]
[White "Torres, Alejo Santiago Jose"]
[Black "Balcazar Novoa, Luis Marcos"]
[Result "0-1"]
[WhiteElo "2005"]
[BlackElo "2119"]
[PlyCount "68"]
[EventDate "2000.??.??"]
[EventType "tourn (corr)"]
[EventRounds "6"]
[EventCountry "BRA"]
[SourceTitle "Corr 2004"]
[Source "ChessBase"]
[SourceDate "2003.04.28"]
[SourceVersion "3"]
[SourceVersionDate "2003.04.28"]
[SourceQuality "1"]

1. d4 f5 2. Nf3 Nf6 3. Nc3 g6 4. h4 Bg7 5. h5 Nxh5 6. Nh4 d5 7. e3 Nf6 8. Ne2 Qd6 9. Nf4 Nbd7 10. Bb5 c6 11. Be2 e5 12. Nh3 e4 13. a4 Nf8 14. b3 Qc7 15. c4 Ne6 16. Ba3 Nd8 17. Ng5 Nf7 18. Nxf7 Qxf7 19. g3 Be6 20. Qc2 0-0-0 21. a5 a6 22. Bc5 g5 23. Ng2 h5 24. Bb6 Rdg8 25. Rc1 Nd7 26. cxd5 Bxd5 27. b4 h4 28. gxh4 f4 29. exf4 gxf4 30. b5 axb5 31. Bxb5 Nxb6 32. axb6 Bxd4 33. Bf1 e3 34. f3 Bxb6 0-1

[Event "CXV R - 018 email"]
[Site "Brazil CXV"]
[Date "2000.11.14"]
[Round "?"]
[White "Torres, Alejo Santiago Jose"]
[Black "Neumann Neto, Joao"]
[Result "1-0"]
[WhiteElo "1958"]
[BlackElo "1692"]
[PlyCount "65"]
[EventDate "2000.??.??"]
[EventType "tourn (corr)"]
[EventRounds "5"]
[EventCountry "BRA"]
[SourceTitle "Corr 2004"]
[Source "ChessBase"]
[SourceDate "2003.04.28"]
[SourceVersion "3"]
[SourceVersionDate "2003.04.28"]
[SourceQuality "1"]

1. Nf3 d5 2. d4 e6 3. c4 Bb4+ 4. Bd2 Bxd2+ 5. Nbxd2 Nf6 6. e3 0-0 7. Bd3 Nc6 8. 0-0 Re8 9. Qb1 Nb4 10. Be2 b6 11. Rc1 Bb7 12. a3 Nc6 13. cxd5 exd5 14. Bb5 Re6 15. Ng5 Rd6 16. Ndf3 h6 17. Nxf7 Kxf7 18. Bxc6 Bxc6 19. Ne5+ Kg8 20. Nxc6 Qe8 21. Qc2 Ne4 22. b4 Nxf2 23. Kxf2 Rf6+ 24. Kg1 Qxe3+ 25. Kh1 Raf8 26. Rg1 a6 27. Rac1 Rf2 28. Qc3 R8f3 29. gxf3 Qe2 30. Ne7+ Kh8 31. Rg2 Rxg2 32. Qxc7 Kh7 33. Qe5 1-0

[Event "CXV theme II email"]
[Site "Brazil CXV"]
[Date "2000.10.02"]
[Round "?"]
[White "Izaias Silva, Jose"]
[Black "Torres, Alejo Santiago Jose"]
[Result "0-1"]
[WhiteElo "1819"]
[BlackElo "1931"]
[PlyCount "58"]
[EventDate "2000.??.??"]
[EventType "tourn (corr)"]
[EventRounds "6"]
[EventCountry "BRA"]
[SourceTitle "Corr 2004"]
[Source "ChessBase"]
[SourceDate "2003.04.28"]
[SourceVersion "3"]
[SourceVersionDate "2003.04.28"]
[SourceQuality "1"]

1. e4 c6 2. d4 d5 3. Nd2 dxe4 4. Nxe4 Nf6 5. Nxf6+ gxf6 6. c3 Qc7 7. Nf3 Bg4 8. Bd3 Nd7 9. 0-0 e6 10. Re1 0-0-0 11. Be2 Bd6 12. h3 h5 13. hxg4 hxg4 14. Nd2 f5 15. Nc4 Bf4 16. Bxf4 Qxf4 17. Bd3 b5 18. g3 Qh6 19. Nd6+ Kc7 20. Nxb5+ cxb5 21. Kf1 Qh1+ 22. Ke2 Qf3+ 23. Kd2 Qxf2+ 24. Re2 Qxg3 25. Bxb5 Nb6 26. Kc2 Nd5 27. Qe1 Qxe1 28. Raxe1 f4 29. b4 g3 0-1

[Event "CXV theme I email"]
[Site "Brazil CXV"]
[Date "2000.09.29"]
[Round "?"]
[White "Torres, Alejo Santiago Jose"]
[Black "Rigolin, Luciano"]
[Result "1-0"]
[WhiteElo "1929"]
[BlackElo "1460"]
[PlyCount "61"]
[EventDate "2000.??.??"]
[EventType "tourn (corr)"]
[EventRounds "6"]
[EventCountry "BRA"]
[SourceTitle "Corr 2004"]
[Source "ChessBase"]
[SourceDate "2003.04.28"]
[SourceVersion "3"]
[SourceVersionDate "2003.04.28"]
[SourceQuality "1"]

1. e4 e6 2. d4 d5 3. Nc3 Bb4 4. e5 c5 5. a3 Bxc3+ 6. bxc3 Ne7 7. Qg4 0-0 8. Nf3 Nbc6 9. Bd3 f5 10. exf6 Rxf6 11. Bg5 e5 12. Bxh7+ Kxh7 13. Qh5+ Kg8 14. Bxf6 gxf6 15. dxe5 Qf8 16. 0-0 Bf5 17. c4 dxc4 18. Qh4 Nxe5 19. Nxe5 fxe5 20. Qxc4+ Qf7 21. Qxc5 Nc6 22. Rad1 Nd4 23. Qxe5 Nxc2 24. Rd5 Bg6 25. Rfd1 Rf8 26. Qg3 Qe8 27. Rd6 Kh7 28. Rd8 Qe2 29. R1d7+ Rf7 30. Qh3+ Qh5 31. Qc3 1-0

[Event "SEMI Traxler theme-C corr"]
[Site "SEMI email"]
[Date "2000.??.??"]
[Round "?"]
[White "Sveinsson, Jon Arni"]
[Black "Torres, Alejo Santiago Jose"]
[Result "1-0"]
[WhiteElo "2000"]
[BlackElo "1971"]
[PlyCount "53"]
[EventDate "2000.11.10"]
[EventType "tourn (corr)"]
[EventRounds "6"]
[EventCountry "ITA"]
[SourceTitle "Corr 2008"]
[Source "ChessBase"]
[SourceDate "2008.06.24"]
[SourceVersion "1"]
[SourceVersionDate "2008.06.24"]
[SourceQuality "1"]

1. e4 e5 2. Nf3 Nc6 3. Bc4 Nf6 4. Ng5 Bc5 5. Nxf7 Bxf2+ 6. Kxf2 Nxe4+ 7. Ke3 Qh4 8. g3 Nxg3 9. hxg3 Qd4+ 10. Kf3 d5 11. Rh4 e4+ 12. Kg2 0-0 13. Nc3 Ne7 14. Ng5 Qf2+ 15. Kh1 Qxg3 16. Rxh7 Qxg5 17. Rh5 Qg4 18. Qxg4 Bxg4 19. Re5 dxc4 20. Rxe7 Rf7 21. Rxf7 Kxf7 22. b3 Bf3+ 23. Kg1 cxb3 24. axb3 a6 25. Kf2 Rh8 26. Ra4 Rh1 27. Bb2 1-0

[Event "SEMI Traxler theme-C corr"]
[Site "SEMI email"]
[Date "2000.??.??"]
[Round "?"]
[White "Torres, Alejo Santiago Jose"]
[Black "Koetsier, David Alexander"]
[Result "0-1"]
[WhiteElo "1971"]
[BlackElo "2300"]
[PlyCount "48"]
[EventDate "2000.11.10"]
[EventType "tourn (corr)"]
[EventRounds "6"]
[EventCountry "ITA"]
[SourceTitle "Corr 2008"]
[Source "ChessBase"]
[SourceDate "2008.06.24"]
[SourceVersion "1"]
[SourceVersionDate "2008.06.24"]
[SourceQuality "1"]

1. e4 e5 2. Nf3 Nc6 3. Bc4 Nf6 4. Ng5 Bc5 5. Nxf7 Bxf2+ 6. Kxf2 Nxe4+ 7. Ke3 Qh4 8. g3 Nxg3 9. hxg3 Qd4+ 10. Kf3 d5 11. Rh4 e4+ 12. Kg2 0-0 13. Qh5 Rxf7 14. Rf4 Be6 15. Be2 g6 16. Qg5 Raf8 17. c3 Qb6 18. b3 Bh3+ 19. Kxh3 Qg1 20. Qxd5 Qh1+ 21. Kg4 Ne7 22. Qxf7+ Rxf7 23. Rxf7 Kxf7 24. Kf4 Qxc1 0-1

[Event "SEMI ECT 4-B email"]
[Site "SEMI email"]
[Date "2000.??.??"]
[Round "?"]
[White "Torres, Alejo Santiago Jose"]
[Black "Vicary, Lance K"]
[Result "1/2-1/2"]
[WhiteElo "1550"]
[BlackElo "1862"]
[PlyCount "79"]
[EventDate "2000.04.??"]
[EventType "tourn (corr)"]
[EventRounds "8"]
[EventCountry "ITA"]
[SourceTitle "Corr 2008"]
[Source "ChessBase"]
[SourceDate "2008.06.24"]
[SourceVersion "1"]
[SourceVersionDate "2008.06.24"]
[SourceQuality "1"]

1. e4 c5 2. Nf3 d6 3. d4 cxd4 4. Nxd4 Nf6 5. Nc3 a6 6. Bg5 e5 7. Bxf6 Qxf6 8. Nd5 Qd8 9. Nf3 Be6 10. Bc4 Nd7 11. 0-0 Be7 12. b4 0-0 13. Bb3 a5 14. c3 Nf6 15. Nxf6+ Bxf6 16. bxa5 Rxa5 17. Bxe6 fxe6 18. Qb3 Qc8 19. Rfd1 Be7 20. a4 Qd7 21. Rab1 b6 22. h4 Rc8 23. Rd3 Rca8 24. Ng5 Bxg5 25. hxg5 Rxa4 26. Rbd1 Ra1 27. Qxb6 d5 28. Rxa1 Rxa1+ 29. Kh2 Ra8 30. exd5 e4 31. Rd2 exd5 32. c4 Qg4 33. Qd4 Qf4+ 34. g3 Qxg5 35. cxd5 Rb8 36. Kg1 Rb1+ 37. Rd1 Rxd1+ 38. Qxd1 e3 39. d6 exf2+ 40. Kxf2 1/2-1/2